Axxis No. 171 (Registro nro. 30545)

Detalles MARC
000 -CABECERA
Longitud fija campo de control 00629nam a2200181 a 4500
003 - • IDENTIFICADOR DELl NÚMERO DE CONTROL
Identificador del número de control CO-ViMGA
008 - • CÓDIGOS DE INFORMACIÓN DE LONGITUD FIJA
Códigos de información de longitud fija 141112s2004 ck r 000 u spa d
020 ## - • NÚMERO INTERNACIONAL NORMALIZADO PARA LIBROS
Número Internacional Normalizado para Libros (ISBN) 01216325
040 ## - FUENTE DE LA CATALOGACIÓN
Centro catalogador de origen CO-ViMGA
Lengua de catalogación spa
Centro transcriptor CO-ViMGA
245 10 - • TITULO PROPIAMENTE DICHO
Título Axxis No. 171
300 ## - • DESCRIPCIÓN FÍSICA
Extensión 105
500 ## - • NOTA GENERAL
Nota general Fecha : 2007. Vol. y núm. : 171
505 ## - • NOTA DE CONTENIDO CON FORMATO
Nota de contenido con formato Arquitectura Una ventana hacia el paisaje 28 - - Decoracion La casa exuberante 40 - - Especial automoviles Diseño en movimiento 86
590 ## - NOTAS LOCALES
Nota local Forma de adquisición : Suscripción 2007 - - Fecha de adquisición : Septiembre 2007
942 ## - ENTRADA DE ELEMENTOS AGREGADOS (KOHA)
Fuente de clasificaión o esquema Dewey Decimal Classification
Koha [por defecto] tipo de item LIbro
Existencias
Perdido Fuente de clasificación o esquema Estado Físico No para préstamo Forma de adquisición Localización permanente Localización actual Fecha adquisición Serie de enumeración / cronolog&íacute;a Préstamos totales Código de barras Fecha última consulta Número de copia Fecha del precio de reemplazo Tipo de item de Koha
  Dewey Decimal Classification     Sala de Música Segundo Piso Biblioteca Pública Germán Arciniegas - Villavicencio Biblioteca Pública Germán Arciniegas - Villavicencio 12/04/2015 Volumen. 1 | 11/jun/2009   22051 12/04/2015 Ej. 1 12/04/2015 LIbro









Instituto Departamental de Cultura del Meta - Red Departamental de Bibliotecas Públicas del Meta.